00323nam a2200121Ia 4500008004100000020001300041100001700054245005400071250001200125260002800137300001700165999001900182180205s9999 xx 000 0 und d a28033787 aNoble/Belden aCollege Mathematics :bwith business applications a11th ed aUSAbMc graw hiilc1997 aii, 14 pages c354729d354729